Library and information science : A question bank approach / (Record no. 63213)

MARC details
000 -LEADER
fixed length control field 00699nam a22001817a 4500
005 - DATE AND TIME OF LATEST TRANSACTION
control field 20120218125830.0
020 ## - INTERNATIONAL STANDARD BOOK NUMBER
International Standard Book Number 8123904592
Terms of availability 160.00
035 ## - SYSTEM CONTROL NUMBER
System control number B-82676
037 ## - SOURCE OF ACQUISITION
Stock number DPL
Source of stock number/acquisition ENG
100 ## - MAIN ENTRY--PERSONAL NAME
Personal name Faruqi, Khalid Kamal
245 ## - TITLE STATEMENT
Title Library and information science : A question bank approach /
Statement of responsibility, etc by Khalid Kamal Faruqi
250 ## - EDITION STATEMENT
Edition statement rpr. 2000
260 ## - PUBLICATION, DISTRIBUTION, ETC. (IMPRINT)
Place of publication, distribution, etc New Delhi
Name of publisher, distributor, etc CBS Publishers and Distributors
Date of publication, distribution, etc 2000
300 ## - PHYSICAL DESCRIPTION
Extent xii, 377p.
Dimensions 18 cms.
942 ## - ADDED ENTRY ELEMENTS (KOHA)
Source of classification or shelving scheme Dewey Decimal Classification
Item type English Books
Classification part 020
Call number suffix FAR
Holdings
Withdrawn status Lost status Not for loan Collection code Home library Current library Date acquired Cost, normal purchase price Full call number Barcode Cost, replacement price Koha item type Public note
      Non-fiction Sarojini Nagar Sarojini Nagar 18/02/2012 160.00 020 FAR B-82676 160.00 English Books  
      Non-fiction Sarojini Nagar Sarojini Nagar 18/02/2012 160.00 020 FAR B-82354 160.00 English Books Withdrawn List Prepared L.No.110/15

© Delhi Public Library
Hit Counter
free hit counter